000 00496nam a2200157Ia 4500
999 _c2926
_d2926
003 OSt
005 20210127101125.0
008 190216s9999||||xx |||||||||||||| ||und||
040 _coclc
082 _a540
_bKUL/U
100 _aKulshrestha, Hemant
_98444
245 0 _aUGC - CSIR Junior Research Fellowship and Lectureship Exam:
_bChemistry /
_cHemant Kulshrestha
260 _bUpkar Prakashan,
_c2000.
_aAgra:
300 _a143p
942 _cREF
_2ddc
_h540
_iKUL/U
_k540
_mKUL/U